| 000 | 00679nam a2200205 a 4500 | ||
|---|---|---|---|
| 005 | 20210223121022.0 | ||
| 008 | 991125s1985 mx 000 0 spa u | ||
| 020 | _a9684271190 | ||
| 035 | _aUPN01000010869 | ||
| 049 | _aCG | ||
| 050 | 4 |
_aE183.8 C9 _bL6.3 |
|
| 100 | 1 | _aLópez Segrera, Francisco | |
| 245 | 1 | 3 |
_aEl conflicto Cuba-Estados Unidos y la crisis centroamericana (1959-1984) / _cFrancisco López Segrera. |
| 260 |
_aMéxico : _bNuestro Tiempo, _c1985. |
||
| 300 | _a245 p. | ||
| 440 | 0 | _aTemas de actualidad | |
| 651 | 4 |
_aESTADOS UNIDOS - _xRELACIONES EXTERIORES - _zCUBA _914386 |
|
| 651 | 4 |
_aCUBA - _xRELACIONES EXTERIORES - _zESTADOS UNIDOS _912477 |
|
| 905 | _aLibro | ||
| 999 |
_c10869 _d10869 |
||